1803 1343 1495 1927 1490 1901 1921 1485 1326 1460 1720 1907 1825 1579 1133 1344 1539 1921 1074 1257 1328 1501 1925 1741 1955 1397 1950 1754 1967 1740 1104 1036 1772 1677 1805 1410 1091 1381 1898 1268 1321 1527 1969 1045 1612 1035 1870 1359 1028 1486 1970 1967 1809 1077 1468 1558 1010 1060 1365 1916 1892 1694 1021 1401 1088 1885 1784 1118 1198 1298 1542 1456 1942 1533 1623 1285 1398 1274 1032 1471 1563 1179 1206 1939 1494 1071 1093 1589 1044 1343 1569 1182 1608 1387 1132 1762 1212 1042 1238 BCNSPRNW ULIB Ver.6.0+V

เปลี่ยนเป็นภาษาไทย

Change to English
 แสดงรายละเอียดบรรณานุกรม
  กลับหน้าหลัก

Brief Record : Get Marc (ISO 2709) : E-mail record : QR code < ปิดหน้าต่าง
LEADER : 00000nam 2200000uu 4500
001    13399121468
003     ULIB
008    121120s2546||||th 000 0 tha d
020    ^a9789749161562
090    ^aรส^bศ175ก 2546
100 0  ^aศรีดาวเรือง
245 10 ^aแก้วหยดเดียว /^cศรีดาวเรือง
250    ^aพิมพ์ครั้งที่ 3
260    ^aกรุงเทพฯ :^bมูลนิธิสถาบันวิชาการ 14 ตุลา,^c2546
300    ^a209 หน้า ;^c21 ซม.
490 0  ^aหนังสือชุด''ตุลาวรรณกรรม''
500    ^aฉลองครบรอบ 30 ปี 14 ตุลา : 2516-2546 ร่วมวาระประวัติศาสตร์''''วัน 14 ตุลา ประชาธิปไตย''''
650  4 ^aเรื่องสั้นไทย
710 2  ^aมูลนิธิสถาบันวิชาการ 14 ตุลา
945    ^p0^l0^i14371
995    ^aกัณชพร
999    ^aกัณชพร
รายการนี้ยังไม่มีแท็ก
คุณยังไม่ได้ล็อกอิน คุณสามารถมีกิจกรรมร่วมกับเว็บไซต์ได้ แต่ต้องล็อกอินก่อน ::
  ล็อกอิน

รายการสื่อสารสนเทศ

ลำดับที่ ประเภท เลขเรียก/บาร์โค้ด สถานที่ สถานะ
1. นวนิยาย
นวนิยาย
รส ศ175ก 2546  
  Barcode: 14371
ห้องสมุดวิทยาเขตสวรรค์ประชารักษ์
►นวนิยาย
บนชั้น
  ขอยืม

รายการใกล้เคียง
    หัวเรื่อง [เรื่องสั้นไทย]

BibComment


ยังไม่เคยถูกคอมเมนท์

คอมเมนท์ทรัพยากรรายการนี้
  คอมเมนท์: แก้วหยดเดียว ศร..


 Copyright 2026. Bcnsprnw @Library